| 000 | 00877nam a2200241 a 4500 | ||
|---|---|---|---|
| 001 | 000022660 | ||
| 005 | 20200930021726.0 | ||
| 008 | 101014s1997 es 001 0 spa d | ||
| 020 | _a8423988139 | ||
| 040 |
_aDO-SdBNP _bspa _cBNPHU |
||
| 082 |
_axxxx _bS847i |
||
| 100 | 1 |
_aStevenson, Robert L. _d1850-1894 _946619 |
|
| 245 | 1 | 0 |
_aLa istal del tesoro ; ; _bEl extraño cado del Dr. Jekyll y Mr. Hyde; Olalla ; El muerto vivo ; La flecha negra / _cRobert L. Stevenson. |
| 260 |
_aMadrid, : _bEditorial Espasa Calpe, _c1997. _fHuertas |
||
| 300 |
_a719 p. ; _c22 cm. |
||
| 490 | 1 | _aAntología de la literatura universal | |
| 563 | _aVarias obras empaginadas en páginas continuas | ||
| 740 | 2 | _aEl extraño cado del Dr. Jekyll y Mr. Hyde | |
| 740 | 2 | _aEl muerto vivo | |
| 740 | 2 | _aLa flecha negra | |
| 830 | 0 |
_aAntología de la literatura universa _946616 |
|
| 049 | _aBNPD | ||
| 999 |
_c22157 _d22157 |
||